[Event "Olympiad-36"]
[Site "Mallorca"]
[Date "2004.10.18"]
[Round "4"]
[White "Papaioannou, Ioannis"]
[Black "Krasenkow, Michal"]
[Result "1-0"]
[WhiteElo "2577"]
[BlackElo "2676"]
[Annotator "Finkel,A"]
[PlyCount "85"]
[EventDate "2004.10.15"]
[EventType "team-swiss"]
[EventRounds "14"]
[EventCountry "ESP"]
[SourceTitle "CBM 104"]
[Source "ChessBase"]
[SourceDate "2005.01.27"]
[SourceVersion "1"]
[SourceVersionDate "2005.01.27"]
[SourceQuality "1"]
[WhiteTeam "Greece"]
[BlackTeam "Poland"]
[WhiteTeamCountry "GRE"]
[BlackTeamCountry "POL"]

1. d4 Nf6 2. Nf3 g6 3. Bg5 Bg7 4. Nbd2 d5 5. e3 O-O 6. Be2 c5 (6... b6 7. O-O
Bb7 8. b4 $5 (8. c4 dxc4 9. Bxc4 Nbd7 10. Qe2 c5 11. Rfd1 cxd4 12. Nxd4 e5 13.
Nb5 Qe7 $13 {Martiska,P-Klemanic,E/Michalovce 1989}) (8. a4 c5 9. c3 Nc6 10.
Qb1 Qe8 11. b4 cxb4 12. cxb4 Nd7 13. a5 $14 {Bintakis,M-Schellmann,F/Bad
Woerishofen 2000}) 8... c6 (8... Nbd7 $5 9. h3 (9. a4 a5 10. c3 Re8 11. Qb3 e5
12. Rfc1 h6 13. Bh4 Qe7 14. Rab1 Qf8 15. h3 Bc6 16. b5 Bb7 17. Bg3 $14 {
Bartosik,P-Michaelsen,N/Berlin 1993}) (9. c3 Qe8 10. a4 e5 11. Qb3 h6 12. Bh4
exd4 13. cxd4 Ne4 14. Nxe4 dxe4 15. Nd2 Kh7 16. Bg3 $14 {Scannell,S-Dooley,M/
Dublin 1998}) 9... Ne4 10. Nxe4 dxe4 11. Nd2 h6 12. Bh4 g5 13. Bg3 e5 14. c3 f5
15. a4 Qe7 16. Rb1 f4 $15 {Eperjesi,L-Jovanovic,S/Budapest 1996}) 9. a4 Nbd7
10. b5 c5 (10... Ne4 11. Nxe4 dxe4 12. Nd2 h6 13. Bh4 g5 14. Bg3 f5 15. Bc4+
Kh7 $132) 11. c3 a5 12. h3 Re8 13. c4 e5 $5 14. Rc1 $5 {Sasikiran,K-Pert,R/
Torquay 2002}) 7. c3 b6 {Black's idea is to trade the lightsquared bishops.} (
7... Qb6 8. Qb3 Nc6 9. O-O c4 $6 10. Qa3 Re8 11. b3 cxb3 12. axb3 e5 13. Nxe5
Nxe5 14. dxe5 Rxe5 15. Bf4 Re8 16. Rac1 Bf5 17. Rfd1 Rac8 18. c4 a6 19. c5 Qc6
20. Nf3 $14 {Eperjesi,L-Sipos,I/Budapest 2001}) 8. O-O Ba6 9. Bxa6 Nxa6 10. Qe2
Qc8 {Intending to come to c5 with the knight later on. White doesn't have much
choice, but to push e4 at some stage, so black is getting ready.} (10... Nc7
11. Rfd1 (11. Bxf6 Bxf6 12. e4 cxd4 13. e5 Bg7 14. cxd4 Rc8 15. Qe3 Qd7 16.
Rac1 Ne6 $11 {Vorm Walde,H-Johannsen,D/Germany 1997}) (11. Rad1 Qd7 (11... Ne6
12. Bh4 Qc7 13. Ne5 Nd8 14. Qf3 Nc6 15. Bxf6 Bxf6 16. Nxc6 Qxc6 17. dxc5 bxc5
18. e4 dxe4 19. Qxe4 Qa6 $15 {Gurevich,M-Milov,V/Ajaccio 2004}) 12. e4 h6 13.
Bxf6 exf6 14. dxc5 bxc5 15. Nb3 Qe7 16. Qe3 c4 17. Nc5 Rfe8 18. exd5 Qxe3 19.
fxe3 Rxe3 20. d6 Bf8 21. Nb7 Ne6 {1/2-1/2 Kozlitin,O-Bereslavsky,M/Moscow 1998}
) (11. Bh4 cxd4 12. exd4 Nce8 13. Ne5 e6 14. a4 a5 15. Qf3 Rc8 16. Rfe1 Nd6 {
1/2-1/2 Plachetka,J-Neuman,P/Klatovy 2003}) 11... cxd4 12. cxd4 Qd7 13. Ne5 Qf5
14. Bh4 Rfc8 15. Rac1 Nce8 16. Nb1 Rxc1 $11 {Plachetka,J-Neuman,P/Czechia 1997}
) (10... c4 $6 11. Rfe1 Nc7 12. Rad1 h6 13. Bxf6 exf6 14. e4 b5 15. g3 Re8 16.
Qf1 Qd7 17. Re2 $14 {Soetewey,J-Reypens,J/Westerlo 2004}) 11. e4 cxd4 12. Nxd4
dxe4 (12... e5 $144 13. Nb5 dxe4 14. Nxe4 Nxe4 15. Qxe4 Nc5 16. Qe2) 13. Nxe4
Nxe4 14. Qxe4 Nc5 15. Qe2 e5 $6 ({Serious attention deserved} 15... e6 $5 {
not weakening square d5.}) 16. Nb5 Qc6 17. Rad1 Ne6 18. Rd6 $5 (18. Be3 $6 a6
19. Na3 b5 20. Nc2 a5 21. f3 Rfc8 22. Rd2 Qc4 23. Qxc4 bxc4 24. Na3 Rab8 25. g3
Bf8 $15 {Panchenko,A-Krasenkow,M/Katowice 1993}) 18... Qb7 (18... Qc8 19. Be3
a6 20. Na3 b5 21. Rfd1 $14) 19. Be3 Rfd8 20. Rfd1 Bf8 $6 {Far too careless
move. Black doesn't feel the danger, even though it's obvious that white keeps
slightly better chances in the endgame.} (20... Rxd6 21. Rxd6 Bf8 22. Rd1 Qc6
23. c4 a6 24. Nc3 Rc8 25. b3 b5 26. Nd5 bxc4 27. Nb6 $13) 21. Rxd8 Rxd8 22.
Rxd8 Nxd8 23. Qd3 Ne6 24. c4 Qe7 $6 {Too passive. Black should've played} (
24... Nf4 $1 25. Bxf4 exf4 26. Nc3 Qe7 27. Kf1 Bg7 $11 {with equal chances.})
25. h3 Nc5 $6 26. Qd5 $16 {[%csl Ra7,Rb6][%cal Gb5c3,Gc3d5]} a5 (26... Kg7 27.
Qa8 a6 28. Nc3 Qd6 29. Nd5 $16) 27. Nc3 Qe8 28. Bg5 {[%cal Gg5f6]} Nd7 (28...
Kg7 29. Qd8 Qe6 30. Bh6+ Kxh6 31. Qxf8+ Kg5 32. Nd5 Nd7 33. Qd8+ f6 34. b3 $36)
29. Ne4 Kg7 30. Qc6 $1 Be7 31. Be3 Qd8 32. Nc3 Bc5 33. Bxc5 Nxc5 34. Nd5 Qg5
35. Qxb6 Qc1+ 36. Kh2 Ne6 (36... Qxc4 37. Qf6+ Kg8 38. Qxe5 Nd3 39. Qd6 $1 $16)
37. b3 Qb2 38. Qe3 f5 39. Qa7+ Kh6 40. Qe7 Nd4 41. Qf8+ Kg5 42. f4+ $1 exf4 43.
h4+ 1-0

[Event "BCF-ch 89th"]
[Site "Torquay"]
[Date "2002.08.05"]
[Round "7"]
[White "Sasikiran, Krishnan"]
[Black "Pert, Richard G"]
[Result "1-0"]
[WhiteElo "2650"]
[BlackElo "2357"]
[Annotator "Finkel,A"]
[PlyCount "91"]
[EventDate "2002.07.29"]
[EventType "swiss"]
[EventRounds "11"]
[EventCountry "ENG"]
[SourceTitle "CBM 091"]
[Source "ChessBase"]
[SourceDate "2002.11.12"]
[SourceVersion "1"]
[SourceVersionDate "2002.11.12"]
[SourceQuality "1"]

1. d4 Nf6 2. Nf3 g6 3. Bg5 Bg7 4. Nbd2 d5 5. e3 O-O 6. Be2 b6 7. O-O Bb7 8. b4
$5 (8. c4 dxc4 9. Bxc4 Nbd7 10. Qe2 c5 11. Rfd1 cxd4 12. Nxd4 e5 13. Nb5 Qe7
$13 {Martiska,P-Klemanic,E/Michalovce 1989}) (8. a4 c5 9. c3 Nc6 10. Qb1 Qe8
11. b4 cxb4 12. cxb4 Nd7 13. a5 $14 {Bintakis,M-Schellmann,F/Bad Woerishofen
2000}) 8... c6 (8... Nbd7 $5 9. h3 (9. a4 a5 10. c3 Re8 11. Qb3 e5 12. Rfc1 h6
13. Bh4 Qe7 14. Rab1 Qf8 15. h3 Bc6 16. b5 Bb7 17. Bg3 $14 {Bartosik,
P-Michaelsen,N/Berlin 1993}) (9. c3 Qe8 10. a4 e5 11. Qb3 h6 12. Bh4 exd4 13.
cxd4 Ne4 14. Nxe4 dxe4 15. Nd2 Kh7 16. Bg3 $14 {Scannell,S-Dooley,M/Dublin 1998
}) 9... Ne4 10. Nxe4 dxe4 11. Nd2 h6 12. Bh4 g5 13. Bg3 e5 14. c3 f5 15. a4 Qe7
16. Rb1 f4 $15 {Eperjesi,L-Jovanovic,S/Budapest 1996}) 9. a4 Nbd7 10. b5 c5 (
10... Ne4 11. Nxe4 dxe4 12. Nd2 h6 13. Bh4 g5 14. Bg3 f5 15. Bc4+ Kh7 $132) 11.
c3 a5 {Very serious attention deserved} (11... Ne4 $5 12. Nxe4 dxe4 13. Nd2 h6
14. Bh4 g5 15. Bg3 e5 (15... f5) 16. Nc4 exd4 17. cxd4 cxd4 18. exd4 f5 19. Bd6
Re8 $13 {with mutual chances, however black prefers to play more solid chess.})
12. h3 Re8 13. c4 e5 $5 (13... cxd4 $5 14. Nxd4 Rc8) 14. Rc1 $5 {Keeping the
pressure in the center.} (14. dxe5 Nxe5 15. Nxe5 Rxe5 16. Nf3 Re8 $11) 14... h6
(14... e4 15. Ne1 cxd4 16. exd4 dxc4 17. Nxc4 Nf8 18. Nc2 Ne6 $13) 15. Bh4 Qe7
$6 (15... e4) 16. dxe5 Nxe5 17. Nxe5 Qxe5 18. Bxf6 $5 {Only chance to fight
for advantage.} Qxf6 19. Bf3 Rad8 20. Qc2 Qe6 (20... Rd7 21. cxd5 Bxd5 22. Bxd5
Rxd5 23. Nc4 Red8 24. Rfd1 Qe6 25. Rxd5 Rxd5) 21. Rfd1 Re7 22. cxd5 Bxd5 23.
Nc4 Red7 24. Rxd5 Rxd5 25. Bxd5 Rxd5 26. Kf1 Be5 $1 27. Re1 Bc7 {[%csl Gb6]}
28. Re2 Qf6 (28... h5 29. Rd2 Rxd2 30. Nxd2 Qd5 31. Nc4 Kg7 $11) 29. Rd2 Qa1+ {
For some reason black deviates from exchange of the rooks, even though it was
a correct decision.} (29... Rxd2 30. Nxd2 (30. Qxd2 $2 Qa1+ 31. Ke2 Qxa4 $19)
30... Qa1+ 31. Ke2 Qa3 32. Nc4 Qb4 $11) 30. Ke2 Rf5 $6 {It wasn't too late for}
(30... Rxd2+) 31. Rd1 Qf6 32. f3 $14 Qh4 33. Rd7 Qg3 34. Kd1 {[%csl Rf5,Rg3]}
Qh2 35. Kc1 Rg5 $2 36. g4 $18 {Now the rook is trapped on g5.} Qh1+ 37. Qd1 (
37. Kb2 $2 Be5+ $132) 37... Qh2 38. Rxc7 $1 {[%csl Rg5]} Qa2 (38... Qxc7 39. f4
$18) 39. Qd3 Qa1+ 40. Kd2 Qa2+ 41. Ke1 Qg2 42. Rc8+ Kh7 43. Qd8 Qg3+ 44. Kd2
Qf2+ 45. Kc3 Qe1+ 46. Kc2 {White king easily escapes from the checks, so black
preferred to resign.} 1-0

[Event "Petrov Memorial op"]
[Site "St Petersburg"]
[Date "2000.02.16"]
[Round "9"]
[White "Nikolaev, Nikita"]
[Black "Tunik, Gennady"]
[Result "0-1"]
[WhiteElo "2315"]
[BlackElo "2442"]
[Annotator "Finkel,A"]
[PlyCount "92"]
[EventDate "2000.02.05"]
[EventType "swiss"]
[EventRounds "9"]
[EventCountry "RUS"]
[SourceTitle "CBM 076"]
[Source "ChessBase"]
[SourceDate "2000.05.31"]
[SourceVersion "1"]
[SourceVersionDate "2000.05.31"]
[SourceQuality "1"]

1. d4 Nf6 2. Nf3 g6 3. Bg5 Bg7 4. Nbd2 d5 5. e3 O-O 6. Bd3 c6 7. O-O Nbd7 8. c3
Re8 9. e4 dxe4 10. Nxe4 Nxe4 (10... a5 11. Re1 a4 12. Qd2 Nxe4 13. Rxe4 Nf6 14.
Re2 Bg4 15. Qf4 Qb8 $13 {Amberger,D-Murdzia,P/Velden op 1994}) 11. Bxe4 Nf6 (
11... Qc7 12. Re1 Nf6 13. Bc2 Bg4 14. h3 Bxf3 15. Qxf3 Nd5 16. Bb3 e6 $13 {
Roesch,A-Roeber,B/BL2-O9697}) 12. Bd3 (12. Bc2 Be6 13. Re1 b5 14. Bb3 Nd5 15.
Bh4 Qb6 16. Ng5 $13 {Stockmann,M-Roeber,B/Weilburg op 1995}) 12... Bg4 $5 {
Typical idea of this kind of position:black gets rid of the 'bad' bishop
depriving white very important piece for the attack.} (12... Qb6 13. Qd2 Be6
14. Rfe1 Bd5 15. Ne5 Rad8 16. b4 Qc7 17. a4 Be6 18. Bf4 $14 {Anilkumar,
O-Barcenilla,R/Calcutta op 1994}) 13. h3 (13. Bc4 Ne4 14. Bf4 Qd7 15. Be2 Qf5
16. Be3 Rad8 17. Qb3 Bxf3 18. Bxf3 $14 {Rosandic,D-Milosavljevic,P/Mravinci
1993}) 13... Bxf3 14. Qxf3 Qd5 15. Qxd5 (15. Qg3 Ne4 16. Bxe4 Qxe4 17. Rae1 Qc2
$11) 15... Nxd5 {In this position the advantage of white's bishops pair is not
so significient,because the position is clsed and black knight takes very
comfortable square d5 and if white will play at some stage c4 then the pawn on
d4 will become the target for the black pieces.} 16. Rfe1 e6 17. Bh4 $6 (17.
Rad1 b5 18. Bc1 a5 19. g3 a4 20. Bd2 Rad8 $11) (17. a4 $5) 17... b5 18. Bg3
Red8 19. Be4 Rac8 20. Red1 $6 Nb6 {It's interesting to see how black move by
move improves his position,while white just move his pieces without any plan.}
21. Re1 Rd7 22. Bf3 a5 23. Re2 a4 24. a3 $2 (24. Rc1 a3 (24... c5 25. dxc5 Rxc5
26. Bf4 Nd5 27. Rd1 Kf8 28. Be3 $11) 25. bxa3 (25. b3 $2 c5 26. dxc5 Rxc5 $17 {
[%csl Rc3]}) 25... Ra7 26. Bd6 Bf8 27. Bb4 Nc4 $11) 24... Nc4 $15 {[%csl Rb2]}
25. Bf4 (25. Rae1 c5 26. dxc5 Rxc5 27. Bf4 e5 28. Bc1 f5 $17) 25... c5 26. dxc5
Rxc5 27. Rc2 f5 $1 $17 {It's amazing how the position has changed after only
ten moves:now black is in full control and white is defensive side.} 28. Be2 e5
29. Bxc4+ bxc4 30. Be3 Rcd5 31. f3 Rd1+ 32. Rxd1 Rxd1+ 33. Kf2 Kf7 34. Ke2 Rd3
35. Kf2 Bf6 {Inspite of the material balance white is in serious troubles:he
is deprive of any counterplay and has to wait and see how black improves his
position befor the decisive breakthrough.} 36. Bc1 Ke6 37. Be3 h5 38. Ke2 Be7
39. Kf2 Kd5 40. Ke2 e4 41. f4 (41. Rd2 Rxd2+ 42. Kxd2 g5 43. Ke2 (43. g4 hxg4
44. hxg4 exf3 45. gxf5 Ke4 $19) 43... exf3+ 44. gxf3 g4) 41... h4 $1 {[%csl
Rf4]} 42. Rd2 Bd6 43. Rd1 Bc5 44. Bxc5 (44. Bc1 Rxd1 45. Kxd1 e3 46. Ke2 Ke4
$19) 44... Kxc5 45. Rd2 Kd5 46. Rd1 (46. Rxd3+ exd3+ 47. Ke3 Ke6 48. Kf3 Kf6
49. Ke3 g5 50. fxg5+ Kxg5 51. Kf3 f4 $19 {[%cal Gg5e5,Ge5e3]}) 46... Rxd1 0-1

[Event "Decameron"]
[Site "Decameron"]
[Date "2003.12.10"]
[Round "8"]
[White "Bruzon Batista, Lazaro"]
[Black "Campora, Daniel Hugo"]
[Result "1-0"]
[WhiteElo "2610"]
[BlackElo "2503"]
[Annotator "Finkel,A"]
[PlyCount "93"]
[EventDate "2003.12.06"]
[EventType "tourn"]
[EventRounds "9"]
[EventCountry "DOM"]
[EventCategory "9"]
[SourceTitle "CBM 099"]
[Source "ChessBase"]
[SourceDate "2004.03.30"]
[SourceVersion "1"]
[SourceVersionDate "2004.03.30"]
[SourceQuality "1"]

1. Nf3 Nf6 2. d4 e6 3. Bg5 c5 4. e3 Qb6 {After this move the only way for
white to fight for an opening advantage is to sacrifice the pawn on b2.} (4...
Be7 $11) 5. Nbd2 d5 (5... Qxb2 {is risky.} 6. Bd3 d5 7. Bxf6 gxf6 8. c4 Qc3 9.
Be2 cxd4 (9... Nc6) 10. Rc1 Qa5 11. cxd5 Na6 12. Nxd4 Qxd5 13. O-O Be7 14. Bf3
Qd7 15. Nc6 $1 O-O 16. Qe2 $44 {Salov-de la Villa, Szirak 1987 izt}) 6. Bxf6 (
6. Rb1 Nc6 7. c3 Bd6 8. Bd3 e5 9. dxe5 Nxe5 10. Nxe5 Bxe5 11. Nf3 Bg4 12. h3
Bxf3 13. Qxf3 Rd8 14. O-O h6 $11 {Trifunovic-Kotov, Moscow 1949}) 6... gxf6 7.
c4 (7. Qb1 Nc6 8. c3 cxd4 9. Nxd4 e5 10. N4b3 Be6 11. a4 a6 12. a5 {
(Taimanov-Gipslis, SU 1980 )} Qc7 13. e4 O-O-O $13 {Taimanov}) 7... cxd4 8.
exd4 (8. Nxd4 dxc4 9. Bxc4 Bd7 10. O-O Nc6 11. Bb3 Na5 12. Ba4 O-O-O 13. Bxd7+
Rxd7 14. Qa4 $16 {[%csl Ra5] Dancevski,O-Genov,P/Star Dorjan 1995}) 8... Nc6 (
8... dxc4 9. Bxc4 Nc6 (9... Bg7 10. O-O O-O 11. Re1 Rd8 12. d5 Na6 13. dxe6
fxe6 14. Qe2 $36 {[%csl Re6] Piket,J-Karolyi,T/Brussels 1987}) 10. O-O Bd7 (
10... Be7 11. d5 exd5 12. Bxd5 Be6 13. Bxe6 fxe6 14. Qe2 e5 15. Nc4 Qc7 16.
Rad1 O-O 17. Ne3 $16 {Chatalbashev,B-Vasilev,M/Cutro 2002}) 11. d5 exd5 12.
Qe2+ Ne7 13. Bxd5 O-O-O 14. Bxf7 Ng6 15. Nc4 $16 {Spassky,B-Zaitsev,A/Yerevan
1962/URS-ch}) (8... Qxb2 9. cxd5 exd5 10. Rb1 Qa3 11. Bb5+ Nc6 12. O-O Qd6 13.
Re1+ Be7 14. Rb3 $44 {Epishin,V-Naumkin,I/Tbilisi 1985}) 9. cxd5 (9. Bd3 dxc4
10. Nxc4 Bb4+ 11. Kf1 Qd8 12. h4 $5 Be7 13. Ne3 $142 Nb4 14. Bc4 Qb6 15. Qe2 (
15. a3 Nc6 16. b4 $14) 15... Bd7 16. a3 Nc6 17. d5 $1 $14 {Vaisser,A-Bauer,C/
Meribel 1998}) (9. Rc1 Nxd4 10. cxd5 Nxf3+ 11. Qxf3 Qxb2 12. Rb1 Qe5+ 13. Be2
exd5 14. O-O Bd6 15. g3 Kf8 16. Rfe1 Be6 17. Bd3 $44 {Porrasmaa,T-Ylisela,J/
FIN-chT 1989}) 9... exd5 10. Bd3 Qxb2 $5 {The best way to encounter a gambit
is by accepting it! Black's pawn strucuture is damaged so he's got to win some
material instead.} (10... Be6 11. O-O O-O-O (11... Bd6 12. Rc1 O-O-O 13. Qa4
Kb8 14. Nb3 $14 {Plachetka-Hardicsay, Stary Smokovec 1982}) 12. Qa4 Bd6 13. Nb3
Kb8 14. Rac1 Rc8 15. Bb5 Ne7 16. Bd7 Rxc1 17. Rxc1 Rd8 18. Bb5 a6 19. Bd3 Bd7
$13 {Klaric,Z-Petran,P/Borovo 1980}) (10... Nxd4 11. Qa4+ (11. O-O Ne6 12. Nb3
Bd7 13. Rc1 Bb4 14. a3 Be7 $13 {Chuprikov,D-Khmelnitski,A/Voronezh 2001}) 11...
Nc6 12. O-O Be6 13. Bb5 Rc8 14. Nd4 Rg8 15. Kh1 Rg4 16. f4 Bd7 17. h3 Rg7 $13 {
Cifuentes Parada,R-Sunye Neto,J/San Pedro de Jujuy 1981}) (10... Bg4 11. O-O
O-O-O 12. Qa4 Kb8 13. Bb5 Ne7 14. Rac1 a6 15. Be2 (15. Bd3 $142) 15... Bh6 16.
Rc2 Rc8 17. Rxc8+ Rxc8 $17 {Vafiadis,K-Papaioannou,I/Aegina 1996}) 11. O-O Qa3
(11... Bd6 12. Re1+ Kf8 13. Rb1 Qxa2) 12. Re1+ Kd8 13. Bb5 $36 Bd7 14. Nb3 Kc7
15. Re3 Re8 16. Rd3 Bf5 ({Very serious attention deserved} 16... Qb4 $5 17.
Bxc6 (17. Rb1 Qxb5 18. Nc5 Qc4 19. Nxd7 Kxd7 20. Rxb7+ Kc8 21. Rb2 Re6 $19)
17... Bxc6 18. Nc5 Bxc5 19. dxc5 Kb8 20. Rb1 Qxc5 21. Nd4 Bd7 $15) 17. Rc3 Bb4
18. Rcc1 Re7 19. Nh4 Re1+ $1 {Accepting the challenge.} (19... Bg6 $6 20. Qf3 {
[%csl Rd5,Rf6]}) (19... Be4 20. Qg4 Rhe8 21. Nf5 Bxf5 22. Qxf5 Re1+ 23. Rxe1
Rxe1+ 24. Rxe1 Bxe1 25. Bxc6 bxc6 26. Qxf6 Qxa2 $13) 20. Qxe1 Bxe1 21. Nxf5 Bb4
$15 (21... Ba5 22. Ne3 Bb6 23. Nxd5+ Kb8 24. Bxc6 bxc6 25. Nxb6 axb6 26. Rxc6
Kb7 27. Rxf6 $13) 22. Ne3 {[%cal Ge3c2,Ge3d5]} Bd6 23. Nxd5+ Kb8 24. Bxc6 bxc6
25. Rxc6 Rd8 26. Ne3 Qa4 27. Rc4 Qb5 28. Nc5 Ka8 $6 {[%csl Ra8] The king
should be the one to stop white passer so} (28... Bxc5 {would be much better}
29. dxc5 (29. Rxc5 Qb2 30. Rac1 Qxa2 31. g3) 29... Kc7 30. a4 Qb2 31. Rac1 Rd2
$15) 29. Rac1 Qb2 30. a4 Bxh2+ $5 (30... Bxc5 31. dxc5 Kb7 $14) 31. Kxh2 Qxf2
32. R1c3 f5 $2 (32... Qh4+ 33. Kg1 Rxd4 34. Nd3 Rxc4 35. Rxc4 Qg3 36. Re4 f5
37. Re8+ Kb7 38. Nc5+ Kb6 39. Nxf5 Qf4 40. Re5 Kc6 $13) 33. Nb3 Rg8 34. Na5 $1
$18 a6 35. Rc6 Qe2 36. R3c4 Qxe3 37. Rxa6+ Kb8 38. Rb4+ Kc8 39. Ra8+ Kd7 40.
Rb7+ Ke6 41. Ra6+ (41. Rxg8 Qh6+ 42. Kg1 Qc1+ $11) 41... Kd5 42. Rd7+ Ke4 43.
Re7+ Kf4 44. Rxe3 Kxe3 45. Rf6 Rg5 46. Kg1 h5 47. Nc4+ 1-0

[Event "American Continental 2nd"]
[Site "Buenos Aires"]
[Date "2003.08.19"]
[Round "3"]
[White "Slipak, Sergio"]
[Black "Scarella, Enrique Alejandro"]
[Result "1-0"]
[WhiteElo "2497"]
[BlackElo "2374"]
[Annotator "Finkel,A"]
[PlyCount "129"]
[EventDate "2003.08.17"]
[EventType "swiss"]
[EventRounds "11"]
[EventCountry "ARG"]
[SourceTitle "CBM 097"]
[Source "ChessBase"]
[SourceDate "2003.11.11"]
[SourceVersion "1"]
[SourceVersionDate "2003.11.11"]
[SourceQuality "1"]

1. Nf3 Nf6 2. d4 g6 3. Bg5 Bg7 4. Nbd2 d5 5. e3 O-O 6. Be2 c5 7. c3 Qb6 8. Qb3
Nc6 9. O-O c4 $6 {This move can hardly be recommended, even though white's
advantage is not very significant.} 10. Qa3 (10. Qxb6 axb6 11. e4 (11. b3 b5
12. a4 b4 13. cxb4 c3 14. Bxf6 Bxf6 15. Nb1 c2 16. Na3 Nxb4 17. Rfc1 Bf5 18.
Ne1 $14 {Norwood,D-Beaumont,C/England 2000}) 11... Nxe4 12. Nxe4 dxe4 13. Nd2
h6 14. Be3 b5 15. Nxe4 f5 16. Nc5 b6 17. Bf3 Rf6 18. a4 $14 {Petry,C-Jirovsky,
P/Zagan 1997}) 10... Re8 (10... h6 11. Bh4 g5 12. Bg3 Nh5 13. b3 Nxg3 14. hxg3
cxb3 15. Nxb3 Bf5 16. Nfd2 e5 17. dxe5 Nxe5 18. Nd4 $14 {Ziger,S-Studer,K/
Pizol 1998}) (10... Bf5 11. b3 cxb3 12. axb3 h6 13. Bh4 g5 14. Bg3 Qd8 15. Ne5
Nxe5 16. Bxe5 Ne4 17. Bxg7 Kxg7 18. Nxe4 Bxe4 19. c4 $14 {Eperjesi,L-Dembo,Y/
Budapest 1999}) 11. b3 cxb3 12. axb3 (12. Qxb3 Qa5 13. c4 dxc4 14. Bxc4 e6 15.
Bb5 a6 16. Bxc6 bxc6 17. Rfc1 $14 {Georges,S-Mueller,L/SUI 1995}) 12... e5 13.
Nxe5 Nxe5 14. dxe5 Rxe5 (14... Ne4 15. Nxe4 dxe4 16. Bf4 Bxe5 17. Bxe5 Rxe5 18.
Rfd1 Be6 19. c4 Qc7 20. Rd4 b6 $11 {Eperjesi,L-Stevanovic,V/Budapest 1996}) 15.
Nf3 $6 (15. Bf4 Re8 16. Rac1 Bf5 17. Rfd1 Rac8 18. c4 a6 19. c5 Qc6 20. Nf3 $14
{Eperjesi,L-Sipos,I/Budapest 2001}) 15... Re8 16. Bxf6 Bxf6 17. Nd4 {[%csl Rd5]
} Be6 18. Bf3 Rec8 (18... a6 19. Rfd1 Rac8 20. Rac1 Rc7 21. Ne2 Rec8 $11) 19.
Rac1 Rc7 20. Nxe6 Qxe6 $6 {Inaccuracy permitting white to get slightly better
chances.} (20... fxe6 21. c4 dxc4 22. Rxc4 a5 23. Qa4 Rd8 $11) 21. Qa5 $14 Qe5
(21... b6 $5 22. Qxd5 Rd8 23. Qxe6 fxe6 24. c4 a5 $14) 22. Qxd5 ({More chances
to win the game would leave} 22. Bxd5 $5 Rxc3 23. Rxc3 Qxc3 24. Qxc3 Bxc3 25.
Bxb7 Rd8 26. g4 $14) 22... Qxd5 23. Bxd5 Bxc3 24. Bxb7 Rxb7 25. Rxc3 Rab8 26.
Ra1 Rxb3 27. Rxb3 Rxb3 28. g4 $1 Rb7 (28... Rb5 29. Rxa7 h5 $11) 29. Kg2 f6 $6
(29... Rb5 $5) 30. Ra6 $1 {After this one black has to prove that he can get a
half of point!} Kg7 31. Kg3 Re7 32. h4 h6 33. Ra3 Kf7 34. Ra6 Kg7 35. Kf3 Kf7
36. Ke2 Rd7 37. f4 Kg7 38. e4 $14 Kf7 (38... Rb7 $1 39. Kd3 Rb3+ (39... g5 40.
hxg5 (40. fxg5 hxg5 41. h5 Rb3+ 42. Kd4 Rg3 $11) 40... hxg5 41. fxg5 fxg5 42.
Kd4 (42. e5 Rb4 $11) 42... Rb4+ 43. Kd5 Rb5+ 44. Kd6 $16) 40. Kc4 Rg3 41. Rxa7+
Kg8 $11) 39. Ke3 Kg7 40. e5 fxe5 41. fxe5 Rb7 42. g5 hxg5 43. hxg5 Kf7 44. Ke4
Rb6 (44... Rb4+ 45. Kd5 Rb5+ 46. Kd6 Rb6+ 47. Rxb6 axb6 48. Kd7 $18) 45. Rxa7+
Ke6 46. Ra4 Rc6 47. Kd4 Rb6 48. Ke4 Rc6 49. Rd4 Ra6 50. Rb4 Rc6 51. Ra4 $1 Rb6
52. Kd4 Rb1 53. Ra6+ Kf5 54. Rf6+ Kxg5 55. Rf8 Rd1+ (55... Re1 56. Kd5 Kh4 57.
e6 g5 58. Kd6 g4) 56. Kc5 Kh4 57. e6 Re1 58. Kd6 g5 59. e7 g4 60. e8=Q Rxe8 61.
Rxe8 g3 62. Ke5 Kg4 $2 (62... g2 63. Rg8 Kh3 64. Kf4 Kh2 65. Kf3 g1=N+ 66. Ke3
Nh3 $11) 63. Ke4 g2 64. Rg8+ Kh3 65. Kf3 1-0